000 00196nam a22000977a 4500
999 _c15764
_d15764
003 OSt
008 191015b ||||| |||| 00| 0 eng d
100 _aUroob.
_94296
245 _aUmmachu
942 _cBK